2026春センバツ出場校 - Statistics

General Stats
  • This quiz has been taken 22 times
  • The average score is 21 of 32
Answer Stats
地区 高校名 % Correct
近畿 大阪桐蔭
95%
関東 横浜
90%
関東 山梨学院
80%
東京 帝京
80%
東海 中京大中京
80%
近畿 智弁学園
80%
九州 沖縄尚学
80%
東北 八戸学院光星
75%
東北 花巻東
75%
関東 専大松戸
75%
東海 大垣日大
70%
近畿 滋賀学園
70%
近畿 近江
70%
東北 東北
65%
北信越 日本文理
65%
東海 三重
65%
中国 高川学園
65%
北海道 北照
60%
関東 花咲徳栄
60%
四国 英明
60%
九州 神村学園
60%
21世紀枠 高知農
60%
21世紀枠 長崎西
60%
近畿 東洋大姫路
55%
中国 崇徳
55%
九州 九州国際大付
55%
九州 長崎日大
55%
九州 熊本工
55%
北信越 帝京長岡
50%
近畿 神戸国際大付
50%
関東 佐野日大
45%
四国 阿南光
40%
No matching quizzes found
Score Distribution
Percent of People with Each Score
Percentile by Number Answered
Your Score History
You have not taken this quiz